[Event "Moscow-ch op sf"]
[Site "Moscow"]
[Date "2007.03.19"]
[Round "7"]
[White "Aliekhin, Vladislav Alekseevi"]
[Black "Guseinov, Emil"]
[Result "0-1"]
[WhiteElo "2075"]
[BlackElo "2097"]
[PlyCount "89"]
[EventDate "2007.03.05"]
[EventType "swiss"]
[EventRounds "9"]
[EventCountry "RUS"]
[SourceTitle "EXT 2022"]
[Source "ChessBase"]
[SourceDate "2021.10.06"]
[SourceVersion "1"]
[SourceVersionDate "2021.10.06"]
[SourceQuality "1"]

1. Nf3 d5 2. d4 Nf6 3. c4 dxc4 4. Nc3 a6 5. a4 Nc6 6. g3 Bg4 7. Bg2 e6 8. 0-0 Be7 9. Ne5 Nxe5 10. dxe5 Qxd1 11. Rxd1 Nd5 12. Nxd5 exd5 13. Kf1 0-0-0 14. h3 Be6 15. h4 d4 16. Bg5 Rhe8 17. Bxe7 Rxe7 18. f4 Red7 19. Kf2 h5 20. Rd2 d3 21. e3 f6 22. exf6 gxf6 23. Bf3 Bg4 24. Bg2 Rg7 25. a5 Re8 26. Rc1 Rge7 27. e4 Be6 28. f5 Bf7 29. Bf3 Re5 30. Ra1 Rc5 31. Ra3 Ree5 32. Ke3 Re8 33. Kf4 Rce5 34. Ra1 Kb8 35. Rdd1 Ka7 36. b3 cxb3 37. Rxd3 Rb5 38. Rd2 c5 39. Be2 Rb4 40. Bd3 c4 41. Bb1 c3 42. Re2 c2 43. Bxc2 bxc2 44. Rxc2 Rbxe4+ 45. Kf3 0-1